000 00232nam a2200097Ia 4500
001 988404
005 20250826221137.0
008 250824s9999 xx 000 0 und d
245 0 _aABARTMA TOZU
_cŞERMİN YAŞAR
260 _bTAZE KİTAP
999 _c988404
_d988404